000 00433nam a2200181Ia 4500
003 OSt
005 20260316133304.0
008 250729s2003 xx 000 0 und d
040 _cAL
041 _akan
082 _a373.001 HOLM
100 _aRaghavendra Herle
_9230192
245 _aMoulya shikshana
260 _aUdupi
_bHale vidyarthi Prakashana
_c2003
300 _a144p
650 _aEducation
_9230193
942 _2ddc
_cBED
999 _c238659
_d238659